[Event "12sen.WM-H Naumburg"]
[Site "Naumburg/Saale(20.10.-03.11.)"]
[Date "2002.11.01"]
[Round "10"]
[White "Karasev, Vladimir"]
[Black "Zhelesny, Stanislav"]
[Result "1-0"]
[WhiteElo "2450"]
[BlackElo "2229"]
[PlyCount "131"]
[EventDate "2002.11.??"]

1. Nf3 Nf6 2. g3 g6 3. Bg2 Bg7 4. O-O O-O 5. d3 d5 6. c3 c5 7. Qa4 Nc6 8. Qh4
e5 9. Bg5 Qd6 10. e4 dxe4 11. dxe4 Ne8 12. Na3 f6 13. Rfd1 Qe7 14. Be3 Be6 15.
Bh3 b6 16. Bxe6+ Qxe6 17. g4 Nd6 18. Nd2 f5 19. exf5 gxf5 20. gxf5 Nxf5 21. Qc4
Rf6 22. Ne4 Rg6+ 23. Kh1 Nxe3 24. Qxe6+ Rxe6 25. fxe3 Rf8 26. Nc4 Rg6 27. Rd7
Rf3 28. Rg1 Rxg1+ 29. Kxg1 Rf7 30. Rd6 Rc7 31. a4 Ne7 32. Ng5 Rc6 33. Rd8+ Bf8
34. Nxe5 Rc8 35. Rd7 Re8 36. Ng4 Bg7 37. Ne6 h5 38. Nxg7 Kxg7 39. Nf2 Kf6 40.
Rxa7 Nd5 41. e4 Ne3 42. Ra6 Rg8+ 43. Kh1 Ke5 44. Rxb6 Rf8 45. Nh3 Rf1+ 46. Ng1
Kxe4 47. Rb5 c4 48. Rxh5 Rf2 49. Rh4+ Kd3 50. Rd4+ Kc2 51. a5 Rf5 52. a6 Ra5
53. Re4 Kd2 54. Re6 Nd1 55. Ne2 Nxb2 56. Kg2 Nd1 57. Kf3 Kd3 58. h4 Nxc3 59.
Nxc3 Kxc3 60. Kg4 Kd3 61. h5 c3 62. Rc6 Ra4+ 63. Kf3 c2 64. h6 Rh4 65. a7 Rh3+
66. Kg4 1-0

[Event "12sen.WM-H Naumburg"]
[Site "Naumburg/Saale(20.10.-03.11.)"]
[Date "2002.11.01"]
[Round "10"]
[White "Karol, Wolfgang"]
[Black "Knobling, Rolf"]
[Result "1-0"]
[WhiteElo "1630"]
[BlackElo "1474"]
[PlyCount "111"]
[EventDate "2002.11.??"]

1. d4 d5 2. Nc3 Nf6 3. Bg5 e6 4. e4 dxe4 5. Nxe4 Nbd7 6. Bb5 c6 7. Bd3 Be7 8.
Nf3 Nxe4 9. Bxe7 Nxf2 10. Bxd8 Nxd1 11. Rxd1 Kxd8 12. O-O Nf6 13. Ne5 Ke7 14.
c3 Bd7 15. h3 Raf8 16. Rd2 Nd5 17. Rdf2 f6 18. Nc4 b5 19. Na5 Rc8 20. Nb7 Rc7
21. Nc5 Nb6 22. Re2 Na4 23. Na6 Rb7 24. b3 Nxc3 25. Rc2 Nd5 26. Re2 Nc7 27. Nc5
Rbb8 28. Rfe1 Kd6 29. Ne4+ Ke7 30. Nc5 Kd8 31. Be4 f5 32. Bf3 Re8 33. Nd3 Ke7
34. Ne5 Rb6 35. Rc2 Nd5 36. Bxd5 cxd5 37. Rc7 Rd6 38. Rec1 a6 39. Ra7 Kd8 40.
Nf7+ Ke7 41. Nxd6 Kxd6 42. Rcc7 Rd8 43. Kf2 g5 44. Ke3 h5 45. Rcb7 Kc6 46. Kf3
a5 47. Kg3 a4 48. b4 h4+ 49. Kf3 g4+ 50. Kf4 gxh3 51. gxh3 e5+ 52. dxe5 d4 53.
Rc7+ Kb6 54. Rab7+ Ka6 55. Rxd7 Rc8 56. Rbc7 1-0

[Event "12sen.WM-H Naumburg"]
[Site "Naumburg/Saale(20.10.-03.11.)"]
[Date "2002.11.01"]
[Round "10"]
[White "Keze, Arnis"]
[Black "Meinhardt, Guenther"]
[Result "1-0"]
[WhiteElo "2046"]
[BlackElo "1763"]
[PlyCount "103"]
[EventDate "2002.11.??"]

1. d4 c5 2. d5 Nf6 3. c4 b5 4. cxb5 a6 5. e3 axb5 6. Bxb5 Qa5+ 7. Nc3 Ne4 8.
Nge2 Nd6 9. Qb3 g6 10. Bd2 Bg7 11. O-O O-O 12. a4 Nxb5 13. Qxb5 Qc7 14. Qb3 Na6
15. Nb5 Qb7 16. Bc3 d6 17. Bxg7 Kxg7 18. f4 Nb4 19. e4 Bd7 20. Nec3 Rfb8 21. e5
Bxb5 22. axb5 Rxa1 23. Rxa1 dxe5 24. fxe5 Nd3 25. Qc4 Nxe5 26. Qxc5 Qb6 27. b4
Nd7 28. Qxb6 Nxb6 29. Kf2 Kf6 30. Ra7 Nc8 31. Rc7 Nd6 32. Rc5 Ke5 33. Ke3 f5
34. Rc7 Kf6 35. Kd4 g5 36. Rc6 h5 37. b6 g4 38. Nb5 Kg5 39. Nxd6 exd6 40. Rxd6
h4 41. g3 f4 42. gxf4+ Kxf4 43. Kc5 Kf5 44. Rh6 Kg5 45. Rh7 Rg8 46. b7 g3 47.
hxg3 hxg3 48. Rh1 Kf5 49. Rd1 g2 50. Kc6 Kf6 51. d6 Rd8 52. Rg1 1-0

[Event "12sen.WM-H Naumburg"]
[Site "Naumburg/Saale(20.10.-03.11.)"]
[Date "2002.11.01"]
[Round "10"]
[White "Khanukov, Boris"]
[Black "Ousatchi, Mark"]
[Result "1-0"]
[WhiteElo "2370"]
[BlackElo "2196"]
[PlyCount "103"]
[EventDate "2002.11.??"]

1. d4 d5 2. c4 e6 3. Nc3 Be7 4. Nf3 Nf6 5. Bg5 h6 6. Bh4 O-O 7. e3 b6 8. Qb3
Bb7 9. Bxf6 Bxf6 10. cxd5 exd5 11. O-O-O Re8 12. h4 c6 13. g4 Bc8 14. g5 Bg4
15. Be2 hxg5 16. hxg5 Bxg5 17. Rdg1 Bxf3 18. Bxf3 Qf6 19. Qc2 Bh6 20. Kb1 Nd7
21. Rg3 Nf8 22. Bh5 Re7 23. Rf3 Qe6 24. Rg3 b5 25. Bg4 Qf6 26. Bf5 Kh8 27. Ne2
Ne6 28. f4 Rc7 29. Rgh3 c5 30. Bxe6 Qxe6 31. dxc5 Qe4 32. Qxe4 dxe4 33. Rh5 a5
34. Nd4 Rac8 35. c6 Rd8 36. Rxb5 Kg8 37. Rbh5 a4 38. b4 axb3 39. axb3 Rb8 40.
Kb2 Rb6 41. Kc3 Rbxc6+ 42. Nxc6 Rxc6+ 43. Kd4 Rb6 44. Kc4 Rd6 45. b4 Rd3 46.
R1h3 Rd1 47. b5 Kf8 48. b6 Rc1+ 49. Kd5 Ke7 50. b7 Rb1 51. Kc6 Rc1+ 52. Rc5 1-0

[Event "12sen.WM-H Naumburg"]
[Site "Naumburg/Saale(20.10.-03.11.)"]
[Date "2002.11.01"]
[Round "10"]
[White "Klempt, Guenter"]
[Black "Hesselbarth, Karlheinz"]
[Result "1-0"]
[WhiteElo "2069"]
[BlackElo "1788"]
[PlyCount "67"]
[EventDate "2002.11.??"]

1. d4 Nf6 2. c4 e6 3. Nf3 d5 4. Nc3 c6 5. Bg5 Nbd7 6. e3 Qa5 7. Bxf6 Nxf6 8.
Bd3 Bb4 9. Qb3 dxc4 10. Bxc4 Nd5 11. Rc1 Nb6 12. O-O Nxc4 13. Qxc4 O-O 14. Rfd1
Bxc3 15. Rxc3 Qh5 16. Qd3 Bd7 17. Rc5 Qg6 18. Qb3 f6 19. Qxb7 Qf7 20. b3 g5 21.
Qc7 Qe7 22. Rdc1 Rf7 23. Ra5 g4 24. Nd2 Qf8 25. Nc4 Be8 26. Qf4 Rg7 27. Nd6 Bd7
28. Ne4 f5 29. Nc5 Bc8 30. Qe5 Re7 31. Qd6 Qe8 32. Na6 Rd7 33. Qxc6 Bb7 34. Qc4
1-0

[Event "12sen.WM-H Naumburg"]
[Site "Naumburg/Saale(20.10.-03.11.)"]
[Date "2002.11.01"]
[Round "10"]
[White "Kloos, Gerhard"]
[Black "Duemmke, Juergen"]
[Result "0-1"]
[WhiteElo "1672"]
[BlackElo "2191"]
[PlyCount "64"]
[EventDate "2002.11.??"]

1. d4 Nf6 2. c4 g6 3. Nc3 d5 4. cxd5 Nxd5 5. e4 Nxc3 6. bxc3 Bg7 7. Nf3 c5 8.
Rb1 O-O 9. Be2 Nc6 10. d5 Ne5 11. Nxe5 Bxe5 12. Bd2 e6 13. f4 Bg7 14. dxe6 Bxe6
15. O-O b6 16. Qc2 f5 17. e5 Qd7 18. Be3 Qf7 19. c4 Rfd8 20. Rfd1 g5 21. g3
gxf4 22. gxf4 Kh8 23. Kh1 Qb7+ 24. Kg1 Bh6 25. Kf2 Qe7 26. Rxd8+ Rxd8 27. Kg3
Rg8+ 28. Kh3 Qb7 29. Bd1 Bxc4 30. Qf2 Bd5 31. Rb2 Bg2+ 32. Qxg2 Rxg2 0-1

[Event "12sen.WM-H Naumburg"]
[Site "Naumburg/Saale(20.10.-03.11.)"]
[Date "2002.11.01"]
[Round "10"]
[White "Klose, Hans_Peter"]
[Black "Roth, Karl_Heinz"]
[Result "0-1"]
[WhiteElo "1547"]
[BlackElo "1632"]
[PlyCount "70"]
[EventDate "2002.11.??"]

1. d4 g6 2. Nf3 d6 3. c4 Bg7 4. Nc3 b6 5. g3 Bb7 6. Bg2 Nd7 7. O-O e6 8. Re1
Ne7 9. Ng5 Bxg2 10. Kxg2 Nf5 11. Nf3 a6 12. e4 Ne7 13. b3 c5 14. Bb2 O-O 15.
Qd3 cxd4 16. Nxd4 Nc5 17. Qd2 Ra7 18. Rad1 Rd7 19. Qe2 Qc8 20. Nf3 Nc6 21. e5
Rfd8 22. Rxd6 Rxd6 23. exd6 Rxd6 24. Rd1 Qd8 25. Rxd6 Qxd6 26. Nd1 e5 27. Ba3
Nd4 28. Qd2 Qc6 29. Qc3 g5 30. h3 h5 31. Bxc5 bxc5 32. g4 f5 33. gxf5 g4 34.
hxg4 hxg4 35. Kg3 Ne2+ 0-1

[Event "12sen.WM-H Naumburg"]
[Site "Naumburg/Saale(20.10.-03.11.)"]
[Date "2002.11.01"]
[Round "10"]
[White "Klundt, Klaus"]
[Black "Lainburg, Victor"]
[Result "1-0"]
[WhiteElo "2385"]
[BlackElo "2235"]
[PlyCount "39"]
[EventDate "2002.11.??"]

1. e4 g6 2. d4 Bg7 3. Nf3 d6 4. Be2 Nf6 5. Nc3 O-O 6. O-O c6 7. h3 Re8 8. Bf4
Nfd7 9. Qd2 e5 10. Bh6 Bxh6 11. Qxh6 Qf6 12. Rad1 Nf8 13. Bc4 Nbd7 14. Ng5 Re7
15. dxe5 dxe5 16. f4 exf4 17. Nxf7 Qg7 18. Qxf4 Nb6 19. Nh6+ Kh8 20. Rd8 1-0

[Event "12sen.WM-H Naumburg"]
[Site "Naumburg/Saale(20.10.-03.11.)"]
[Date "2002.11.01"]
[Round "10"]
[White "Koerver, Erich"]
[Black "Tochtermann, Georg_Dr"]
[Result "0-1"]
[WhiteElo "1723"]
[BlackElo "1878"]
[PlyCount "99"]
[EventDate "2002.11.??"]

1. e4 g6 2. d4 Bg7 3. Nf3 d6 4. Be2 c6 5. O-O Qc7 6. c3 e5 7. dxe5 dxe5 8. Qc2
Nf6 9. Nbd2 O-O 10. b3 Re8 11. Bb2 Nbd7 12. Rad1 Nh5 13. Nc4 Nf4 14. Nd6 Re6
15. Nxc8 Nxe2+ 16. Qxe2 Rxc8 17. Nd2 Bf8 18. Qe3 a6 19. Qh3 Rd8 20. Nf3 Be7 21.
Bc1 Nf8 22. Bh6 Red6 23. Rxd6 Qxd6 24. Bg5 f6 25. Bc1 Ne6 26. Ne1 Nc5 27. Qe3
Rd7 28. h3 Ne6 29. Nc2 Qd3 30. Qxd3 Rxd3 31. c4 Bc5 32. Be3 Kf7 33. b4 Bxe3 34.
Nxe3 Ng5 35. b5 Nxe4 36. bxa6 bxa6 37. Rb1 Ra3 38. Rb6 Rxa2 39. f3 Ra1+ 40. Kh2
Nf2 41. Rxc6 f5 42. Rc7+ Kg8 43. Rc8+ Kg7 44. Nd5 f4 45. g4 Ra2 46. Rc7+ Kf8
47. Rxh7 Nxg4+ 48. Kg1 Nh2 49. Nf6 Nxf3+ 50. Kh1 0-1

[Event "12sen.WM-H Naumburg"]
[Site "Naumburg/Saale(20.10.-03.11.)"]
[Date "2002.11.01"]
[Round "10"]
[White "Kraemer, Marianne"]
[Black "Ollek, Karl_Heinz"]
[Result "0-1"]
[WhiteElo "1480"]
[BlackElo "1663"]
[PlyCount "108"]
[EventDate "2002.11.??"]

1. e4 d6 2. Nf3 g6 3. d4 Bg7 4. Bc4 e6 5. O-O Ne7 6. c3 O-O 7. Be3 b6 8. Na3 a6
9. Qd2 b5 10. Bd3 Bb7 11. Bh6 Nd7 12. Bxg7 Kxg7 13. Ne1 c5 14. Bc2 Rc8 15. Rd1
Nf6 16. f3 Qb6 17. dxc5 Qxc5+ 18. Qd4 Rfd8 19. Qxc5 dxc5 20. Rxd8 Rxd8 21. Nb1
g5 22. g3 h5 23. Nd3 c4 24. Nc5 Bc8 25. Rd1 Rxd1+ 26. Bxd1 e5 27. Nd2 Ng6 28.
Kf2 Kf8 29. b3 cxb3 30. Bxb3 Ke7 31. Ke3 Nd7 32. Nd3 Nb6 33. c4 f5 34. cxb5 f4+
35. Kf2 axb5 36. Nb4 Na4 37. Nd5+ Kd6 38. Nf6 fxg3+ 39. hxg3 h4 40. Nf1 Nc5 41.
Bd5 Ne6 42. Ne3 Nd4 43. Nh7 hxg3+ 44. Kg2 Nh4+ 45. Kxg3 Nhxf3 46. Nf6 Kc5 47.
Ne8 Nd2 48. Nf6 Nc4 49. Neg4 Ne2+ 50. Kf3 Nc3 51. Bxc4 bxc4 52. Nxe5 Nxa2 53.
Nf7 c3 54. Ke3 c2 0-1

[Event "12sen.WM-H Naumburg"]
[Site "Naumburg/Saale(20.10.-03.11.)"]
[Date "2002.11.01"]
[Round "10"]
[White "Kraidman, Yair"]
[Black "Zunker, Reinhard_Dr"]
[Result "1-0"]
[WhiteElo "2314"]
[BlackElo "2203"]
[PlyCount "119"]
[EventDate "2002.11.??"]

1. d4 Nf6 2. c4 d6 3. Nc3 g6 4. e4 Bg7 5. f3 O-O 6. Be3 b6 7. Qd2 c5 8. d5 Re8
9. Rd1 Na6 10. Bd3 Nc7 11. Nge2 a6 12. a4 Rb8 13. O-O Bd7 14. b3 e6 15. dxe6
Nxe6 16. Bc2 Bf8 17. Nf4 b5 18. Nxe6 Rxe6 19. axb5 axb5 20. cxb5 Bxb5 21. Nxb5
Rxb5 22. Bd3 Rxb3 23. Bc4 Rxe3 24. Qxe3 Re8 25. Qb3 Qe7 26. Ra1 Bg7 27. Ra6 Nh5
28. g3 Bd4+ 29. Kg2 Kg7 30. Bd5 Nf6 31. Rb1 Rc8 32. Qc4 Rc7 33. Rab6 g5 34. Rb7
Nxd5 35. Qxd5 Rxb7 36. Rxb7 Qf6 37. Rb1 Qe5 38. Rb6 Qxd5 39. exd5 Be5 40. Kf2
f5 41. Ke2 f4 42. g4 h5 43. Rb7+ Kg6 44. h3 hxg4 45. hxg4 c4 46. Rc7 c3 47. Kd3
Kf6 48. Kc4 Kg6 49. Kb5 Bd4 50. Rc4 Be5 51. Kc6 Kf6 52. Kd7 Kf7 53. Re4 Kf6 54.
Ra4 Kf7 55. Rc4 Kf6 56. Ke8 Kg7 57. Ke7 Kg6 58. Ke6 Kg7 59. Kf5 Kh6 60. Rc6 1-0

[Event "12sen.WM-H Naumburg"]
[Site "Naumburg/Saale(20.10.-03.11.)"]
[Date "2002.11.01"]
[Round "10"]
[White "Krieger, Hermann"]
[Black "Lieb, Harald"]
[Result "1/2-1/2"]
[WhiteElo "2237"]
[BlackElo "2314"]
[PlyCount "37"]
[EventDate "2002.11.??"]

1. e4 e6 2. d4 d5 3. Nd2 dxe4 4. Nxe4 Nf6 5. Bd3 Be7 6. Nf3 b6 7. O-O Bb7 8.
Re1 Nbd7 9. Ng3 O-O 10. c3 c5 11. Be3 Nd5 12. Qc2 h6 13. Rad1 Nxe3 14. fxe3 Rc8
15. Qe2 cxd4 16. exd4 Nf6 17. Ne5 Nd7 18. Ng6 Re8 19. Nxe7+ 1/2-1/2

[Event "12sen.WM-H Naumburg"]
[Site "Naumburg/Saale(20.10.-03.11.)"]
[Date "2002.11.01"]
[Round "10"]
[White "Krueger, Sigurd"]
[Black "Shlakman, Itzhak"]
[Result "0-1"]
[WhiteElo "1872"]
[BlackElo "2127"]
[PlyCount "61"]
[EventDate "2002.11.??"]

1. c4 c6 2. e4 d5 3. exd5 cxd5 4. d4 Nf6 5. Nc3 Nc6 6. cxd5 Nxd5 7. Nxd5 Qxd5
8. Nf3 e6 9. Be2 Bb4+ 10. Bd2 Qa5 11. O-O Bxd2 12. Nxd2 Nxd4 13. Bd3 O-O 14.
Nc4 Qd5 15. Ne3 Qd6 16. Nc4 Qd8 17. Bxh7+ Kxh7 18. Qh5+ Kg8 19. Rad1 Qf6 20.
Ne5 Nf5 21. f4 b6 22. Rf3 Qh4 23. Rh3 Qxh5 24. Rxh5 Ba6 25. g4 Ne3 26. Rd7 Nd5
27. Rg5 Nxf4 28. Kh1 Rac8 29. h4 Bb5 30. Rxa7 Nh3 31. Kg2 0-1

[Event "12sen.WM-H Naumburg"]
[Site "Naumburg/Saale(20.10.-03.11.)"]
[Date "2002.11.01"]
[Round "10"]
[White "Kudoke, Willy"]
[Black "Haupt, Joachim"]
[Result "1/2-1/2"]
[WhiteElo "2024"]
[BlackElo "1745"]
[PlyCount "170"]
[EventDate "2002.11.??"]

1. c4 Nf6 2. Nc3 g6 3. e4 d6 4. d4 Bg7 5. Nge2 O-O 6. h3 c6 7. g3 e5 8. d5 c5
9. Bg2 Bd7 10. O-O Na6 11. Be3 Nc7 12. a4 Rb8 13. Nb5 a6 14. Nxc7 Qxc7 15. Nc3
b5 16. axb5 axb5 17. cxb5 Bxb5 18. Nxb5 Rxb5 19. Qc2 Rfb8 20. Rfb1 Qb7 21. Ra2
Ra8 22. Rxa8+ Qxa8 23. Bf1 Rb4 24. Bc4 Nd7 25. b3 Rb7 26. Kg2 Nb6 27. Bb5 Qb8
28. Bc6 Ra7 29. b4 c4 30. Bxb6 Qxb6 31. Qxc4 Bh6 32. b5 Bg5 33. Qb4 Ra2 34. Rb2
Rxb2 35. Qxb2 Bd8 36. Qb4 Bc7 37. Qc3 Bb8 38. Qf3 Kg7 39. g4 Qd8 40. Qg3 Ba7
41. g5 h6 42. h4 hxg5 43. hxg5 f6 44. gxf6+ Qxf6 45. f3 Qf4 46. Qxf4 exf4 47.
Kh3 Kf6 48. Kg4 g5 49. Be8 Bb6 50. Kh5 Bd8 51. Bd7 Bb6 52. Kh6 Bd8 53. Be6 Bb6
54. Kh7 Bd4 55. Kg8 Ke7 56. Bf5 Kd8 57. Kf7 Kc7 58. Kg6 Be3 59. Kxg5 Bd2 60.
Be6 Be3 61. Kf5 Bd2 62. e5 Be3 63. Bf7 Kd7 64. Ke4 Kc7 65. Be8 Kd8 66. Bc6 Ke7
67. e6 Kd8 68. b6 Bxb6 69. Kxf4 Bd4 70. Ke4 Bb2 71. Kd3 Ke7 72. Kc4 Be5 73. Kb5
Bb2 74. Kb6 Be5 75. Kc7 Bb2 76. f4 Bc3 77. Bb5 Bb2 78. Bd3 Bc3 79. Bg6 Bb2 80.
Kc6 Bc3 81. Kb5 Bb2 82. Kc4 Bg7 83. Kd3 Bb2 84. Ke4 Bg7 85. Kf5 Bb2 1/2-1/2

[Event "12sen.WM-H Naumburg"]
[Site "Naumburg/Saale(20.10.-03.11.)"]
[Date "2002.11.01"]
[Round "10"]
[White "Kuehn, Peter"]
[Black "Maassen, Hermann"]
[Result "1-0"]
[WhiteElo "2008"]
[BlackElo "1635"]
[PlyCount "53"]
[EventDate "2002.11.??"]

1. e4 e6 2. d3 d5 3. Nd2 Bc5 4. Ngf3 Nf6 5. e5 Ng4 6. d4 Bb6 7. Nb3 f6 8. h3
Nh6 9. Bxh6 gxh6 10. Qd2 fxe5 11. Qxh6 Qe7 12. Nxe5 Rf8 13. Qh5+ Kd8 14. Bd3
Nd7 15. Nxd7 Bxd7 16. Rf1 Bxd4 17. Nxd4 Qb4+ 18. c3 Qxb2 19. Qg5+ Kc8 20. Qc1
Qb6 21. Rb1 Qd6 22. Qb2 Bc6 23. Nxc6 Qxc6 24. Qb4 Rf7 25. Bb5 Qb6 26. Qg4 c6
27. Qg8+ 1-0

[Event "12sen.WM-H Naumburg"]
[Site "Naumburg/Saale(20.10.-03.11.)"]
[Date "2002.11.01"]
[Round "10"]
[White "Kummer, Heinz"]
[Black "Fassmann, Ewald"]
[Result "1/2-1/2"]
[WhiteElo "2051"]
[BlackElo "1771"]
[PlyCount "34"]
[EventDate "2002.11.??"]

1. e4 e5 2. Nf3 Nc6 3. Bc4 d6 4. d4 exd4 5. Nxd4 Nf6 6. Nc3 Be7 7. O-O O-O 8.
a3 a6 9. Nxc6 bxc6 10. Bd3 Re8 11. Ne2 Nd7 12. Nd4 Ne5 13. Be2 c5 14. Nf3 Nxf3+
15. Bxf3 Rb8 16. Qd3 Bg5 17. b3 Bxc1 1/2-1/2

[Event "12sen.WM-H Naumburg"]
[Site "Naumburg/Saale(20.10.-03.11.)"]
[Date "2002.11.01"]
[Round "10"]
[White "Kunath, Werner"]
[Black "Kraemer, Franz_Josef"]
[Result "1-0"]
[WhiteElo "2122"]
[BlackElo "1801"]
[PlyCount "137"]
[EventDate "2002.11.??"]

1. d4 Nf6 2. Bg5 Ne4 3. Bf4 d6 4. f3 Nf6 5. e4 Nh5 6. Be3 e6 7. Nc3 Be7 8. Bd3
Bg5 9. Bxg5 Qxg5 10. Qe2 Nf4 11. Qd2 Nxg2+ 12. Ke2 Nf4+ 13. Kf1 e5 14. h4 Qg3
15. dxe5 Nc6 16. exd6 cxd6 17. Bb5 O-O 18. Nd5 Nxd5 19. Qxd5 Be6 20. Qd2 Ne5
21. Qf2 Qxf2+ 22. Kxf2 Rac8 23. c3 a6 24. Be2 d5 25. f4 Nc4 26. f5 Bd7 27. f6
dxe4 28. fxg7 Kxg7 29. Bxc4 Rxc4 30. Ne2 h5 31. Ke3 Bg4 32. Rad1 Rc6 33. Rd4 f5
34. Nf4 Rb6 35. Rh2 Kh6 36. Rhd2 Rf7 37. c4 Rg7 38. c5 Rc6 39. Rd8 Rxc5 40.
R2d6+ Kh7 41. Rf6 Rb5 42. Rff8 Re7 43. Nd5 Rxd5 44. Rxd5 Kg7 45. Rfd8 Kf6 46.
R5d6+ Kf7 47. Rh6 Kg7 48. Rdd6 Kf8 49. Rhf6+ Kg7 50. Rb6 Kg8 51. Kf4 e3 52.
Rbe6 Rxe6 53. Rxe6 e2 54. b4 Kf7 55. Re3 Kf6 56. a4 b5 57. a5 Kf7 58. Kg3 Kf6
59. Kf2 f4 60. Rc3 Ke5 61. Rc6 Kd4 62. Rxa6 Kc4 63. Rf6 Kxb4 64. a6 Kc3 65. a7
Bf3 66. Re6 Bd5 67. Re5 Ba8 68. Rxb5 Kd2 69. Rb2+ 1-0

[Event "12sen.WM-H Naumburg"]
[Site "Naumburg/Saale(20.10.-03.11.)"]
[Date "2002.11.01"]
[Round "10"]
[White "Limberg, Siegfried"]
[Black "Langer, Wolfgang[39Leipz]"]
[Result "1-0"]
[WhiteElo "2128"]
[BlackElo "1813"]
[PlyCount "67"]
[EventDate "2002.11.??"]

1. d4 Nf6 2. Nf3 e6 3. e3 b6 4. Bd3 Bb7 5. Nbd2 Be7 6. O-O d5 7. Ne5 O-O 8. f4
Nbd7 9. Qf3 c5 10. c3 Ne8 11. g4 g6 12. Qh3 Nd6 13. Ndf3 Ne4 14. g5 f6 15. gxf6
Ndxf6 16. Qxe6+ Kg7 17. Qh3 Nh5 18. Bd2 Rc8 19. Rad1 Rc7 20. Be1 Bc8 21. Qg2
Bf5 22. Kh1 Qc8 23. Rg1 Bh3 24. Qc2 Qe6 25. Qe2 c4 26. Bc2 b5 27. Bh4 a5 28.
Bxe7 Qxe7 29. Ng5 Nxf4 30. exf4 Bf5 31. Nxe4 dxe4 32. Bxe4 Qh4 33. Bxf5 Rxf5
34. Rg4 1-0

[Event "12sen.WM-H Naumburg"]
[Site "Naumburg/Saale(20.10.-03.11.)"]
[Date "2002.11.01"]
[Round "10"]
[White "Littlewood, John_E"]
[Black "Shestoperov, Alexej"]
[Result "0-1"]
[WhiteElo "2292"]
[BlackElo "2464"]
[PlyCount "104"]
[EventDate "2002.11.??"]

1. e4 c5 2. Nf3 e6 3. d4 cxd4 4. Nxd4 Nc6 5. Nc3 Qc7 6. Be3 a6 7. Bd3 Nf6 8.
O-O h5 9. h3 Bd6 10. Nxc6 bxc6 11. f4 e5 12. Qd2 exf4 13. Bxf4 Bxf4 14. Rxf4 d6
15. Qf2 Qa7 16. Re1 Qxf2+ 17. Rxf2 Nd7 18. Rd2 Ne5 19. Be2 Ke7 20. Red1 Rh6 21.
Rd4 h4 22. Na4 Rb8 23. b3 Rg6 24. Kh2 c5 25. R4d2 Bb7 26. Bh5 Rg5 27. Be2 Rg6
28. Nc3 Rg3 29. Bd3 Rh8 30. Ne2 Rg6 31. Ng1 Rf6 32. Be2 Bxe4 33. Bxa6 Ra8 34.
Bd3 Bb7 35. a4 g5 36. Rf1 Rxf1 37. Bxf1 f5 38. Ne2 d5 39. Nc1 d4 40. Nd3 Kd6
41. Nxe5 Kxe5 42. Bb5 Be4 43. Rf2 Ra7 44. Kg1 g4 45. hxg4 fxg4 46. Re2 Kf4 47.
Rf2+ Kg3 48. Re2 Bd5 49. c3 h3 50. gxh3 gxh3 51. cxd4 Re7 52. Rd2 c4 0-1

[Event "12sen.WM-H Naumburg"]
[Site "Naumburg/Saale(20.10.-03.11.)"]
[Date "2002.11.01"]
[Round "10"]
[White "Ljubarskij, Jurij"]
[Black "Gaspariants, Garry"]
[Result "1-0"]
[WhiteElo "2317"]
[BlackElo "2240"]
[PlyCount "97"]
[EventDate "2002.11.??"]

1. e4 c5 2. Nc3 a6 3. a4 d6 4. Bc4 Nc6 5. d3 g6 6. f4 Bg7 7. Nf3 e6 8. O-O Nge7
9. Qe1 O-O 10. Bb3 Rb8 11. Qh4 Nd4 12. Nxd4 Bxd4+ 13. Kh1 Nc6 14. Qh3 f5 15.
Bd2 Bg7 16. Be3 Nd4 17. Bxd4 Bxd4 18. Rae1 Qf6 19. Re2 Bxc3 20. bxc3 Qxc3 21.
exf5 gxf5 22. Bxe6+ Bxe6 23. Rxe6 Rbe8 24. Qe3 Rxe6 25. Qxe6+ Kh8 26. Qxd6 Re8
27. h3 Qd4 28. Qxd4+ cxd4 29. Rb1 Re7 30. Rb6 Rc7 31. Rd6 Rxc2 32. Rxd4 Ra2 33.
Kh2 Kg7 34. Rb4 Kf8 35. Kg3 h5 36. Rxb7 Rxa4 37. Rh7 Rd4 38. Rxh5 Rxd3+ 39. Kh4
Rd5 40. Rh7 Rd2 41. g3 Rd3 42. Ra7 Ra3 43. g4 Kg8 44. Kg5 Rxh3 45. Kxf5 Rh6 46.
g5 Rb6 47. Kg4 Rc6 48. f5 Rb6 49. g6 1-0

[Event "12sen.WM-H Naumburg"]
[Site "Naumburg/Saale(20.10.-03.11.)"]
[Date "2002.11.01"]
[Round "10"]
[White "Luecke, Volkmar"]
[Black "Fabritius, Herbert"]
[Result "1/2-1/2"]
[WhiteElo "1890"]
[BlackElo "1726"]
[PlyCount "158"]
[EventDate "2002.11.??"]

1. Nf3 d5 2. c4 c6 3. b3 Nf6 4. g3 e6 5. Bg2 Bd6 6. Bb2 Nbd7 7. O-O O-O 8. d4
b6 9. Nbd2 Bb7 10. Rc1 Re8 11. Re1 e5 12. dxe5 Nxe5 13. Nxe5 Bxe5 14. Bxe5 Rxe5
15. Nf3 Re7 16. cxd5 Nxd5 17. Qc2 Nb4 18. Qb2 c5 19. a3 Nc6 20. e3 Qe8 21. Rcd1
Rd8 22. Qc2 Rxd1 23. Rxd1 h6 24. Rd2 Rd7 25. Qd1 Rxd2 26. Qxd2 Qd8 27. Kf1 Qxd2
28. Nxd2 Na5 29. Bxb7 Nxb7 30. Ke2 Kf8 31. Kd3 Ke7 32. Kc4 Nd6+ 33. Kd5 Kd7 34.
e4 Nb5 35. a4 Nc7+ 36. Kc4 a6 37. a5 Kc6 38. axb6 Kxb6 39. f4 Kc6 40. e5 Na8
41. Ne4 Nb6+ 42. Kd3 Kd5 43. Nd6 Ke6 44. Ne8 g5 45. Ke4 gxf4 46. gxf4 a5 47.
f5+ Ke7 48. Nf6 c4 49. bxc4 Nxc4 50. Kd4 Nd2 51. Ng8+ Kf8 52. Nxh6 Nf3+ 53. Kd5
Nxh2 54. Kd6 Nf3 55. Ng4 Ng5 56. Kc5 a4 57. Kb4 a3 58. Kxa3 Nf3 59. Kb4 Nd4 60.
f6 Ke8 61. Kc5 Ne6+ 62. Kd6 Ng5 63. Nh6 Ne6 64. Nf5 Ng5 65. Ng7+ Kf8 66. Kd7
Ne4 67. Nf5 Nc5+ 68. Kc6 Ne6 69. Nd6 Nd4+ 70. Kd7 Ne6 71. Ne4 Nd4 72. Ng5 Nf5
73. Nh7+ Kg8 74. Ke8 Kxh7 75. Kxf7 Nh6+ 76. Kf8 Kg6 77. e6 Ng8 78. f7 Nf6 79.
e7 Nh7+ 1/2-1/2

[Event "12sen.WM-H Naumburg"]
[Site "Naumburg/Saale(20.10.-03.11.)"]
[Date "2002.11.01"]
[Round "10"]
[White "Maletzki, Heinz"]
[Black "Schwichtenberg, Juergen"]
[Result "0-1"]
[WhiteElo "1514"]
[BlackElo "1633"]
[PlyCount "124"]
[EventDate "2002.11.??"]

1. c4 e5 2. Nc3 Bb4 3. Nd5 Nc6 4. e3 Nf6 5. a3 Be7 6. Ne2 Nxd5 7. cxd5 Na5 8.
Qc2 b6 9. b4 Nb7 10. Bb2 d6 11. Ng3 O-O 12. Rc1 a5 13. Qxc7 axb4 14. Qxd8 Bxd8
15. axb4 Bd7 16. Be2 f5 17. O-O g6 18. f4 Re8 19. fxe5 dxe5 20. Ra1 Bc7 21.
Rxa8 Rxa8 22. Bc3 Nd8 23. Bc4 Bd6 24. Ne2 b5 25. Bb3 Ra3 26. Rb1 Nf7 27. g3 Kf8
28. Kg2 Ke7 29. h3 h5 30. d4 g5 31. dxe5 Nxe5 32. Bxe5 Bxe5 33. Kf3 Bc8 34. Nd4
Bxd4 35. exd4 Bb7 36. Re1+ Kf7 37. Re3 Rxb3 38. Rxb3 Bxd5+ 39. Ke3 Bxb3 40. h4
Kf6 41. Kf3 Bd1+ 42. Ke3 gxh4 43. gxh4 Ke6 44. Kd2 Kd5 45. Kxd1 Kxd4 46. Ke2
Kc3 47. Kf3 Kxb4 48. Kf4 Kc3 49. Kxf5 b4 50. Kg5 b3 51. Kxh5 b2 52. Kh6 b1=Q
53. h5 Qh1 54. Kg6 Qg2+ 55. Kh7 Qe4+ 56. Kg7 Qe5+ 57. Kh6 Qh8+ 58. Kg6 Kd4 59.
h6 Ke5 60. h7 Ke6 61. Kh6 Kf6 62. Kh5 Qxh7+ 0-1

[Event "12sen.WM-H Naumburg"]
[Site "Naumburg/Saale(20.10.-03.11.)"]
[Date "2002.11.01"]
[Round "10"]
[White "Malin, Klaus"]
[Black "Davydov, Michael"]
[Result "1/2-1/2"]
[WhiteElo "1612"]
[BlackElo "2038"]
[PlyCount "49"]
[EventDate "2002.11.??"]

1. e4 c6 2. d4 d5 3. Nc3 dxe4 4. Nxe4 Nd7 5. Nf3 Ngf6 6. Nxf6+ Nxf6 7. h3 g6 8.
c3 Bg7 9. Bc4 O-O 10. O-O Nd5 11. Re1 Re8 12. Bb3 h6 13. Bd2 Be6 14. Qc1 Kh7
15. Ne5 Qc8 16. Bc2 Rf8 17. Qd1 Bf5 18. Rc1 Bxc2 19. Qxc2 Nf6 20. Re2 Qe6 21.
a3 Nd7 22. Nxd7 Qxe2 23. Nxf8+ Bxf8 24. Re1 Qc4 25. Qe4 1/2-1/2

[Event "12sen.WM-H Naumburg"]
[Site "Naumburg/Saale(20.10.-03.11.)"]
[Date "2002.11.01"]
[Round "10"]
[White "Mann, Klaus_Dieter"]
[Black "Krischer, Ulrich"]
[Result "1-0"]
[WhiteElo "1979"]
[BlackElo "1730"]
[PlyCount "129"]
[EventDate "2002.11.??"]

1. e4 c5 2. Nf3 Nc6 3. Bb5 a6 4. Bxc6 bxc6 5. d3 d6 6. h3 e6 7. O-O Be7 8. Nc3
Nf6 9. Bd2 O-O 10. Qe2 e5 11. Kh2 h6 12. Ng1 Nh7 13. f3 f5 14. f4 Qc7 15. fxe5
dxe5 16. exf5 Bxf5 17. Ne4 Qd7 18. Bc3 Qe6 19. b3 Rae8 20. Rae1 Nf6 21. g4 Nxe4
22. dxe4 Bg6 23. Qg2 Bg5 24. Nf3 Bf4+ 25. Kh1 c4 26. Nh4 cxb3 27. axb3 Bh7 28.
Rd1 Rd8 29. Rxd8 Rxd8 30. Re1 c5 31. Qf3 Qf6 32. Nf5 g5 33. Rd1 Rxd1+ 34. Qxd1
Bxf5 35. gxf5 Kf8 36. Qd5 g4 37. Qxc5+ Kf7 38. Qa7+ Kg8 39. Qb8+ Kf7 40. Qc7+
Ke8 41. Qc8+ Kf7 42. Qe6+ Qxe6 43. fxe6+ Kxe6 44. hxg4 Kf6 45. Kg2 Kg5 46. Kf3
h5 47. gxh5 Kxh5 48. Ke2 Kg6 49. Kd3 Kf6 50. Kc4 Ke6 51. Kc5 Be3+ 52. Kc6 Bd4
53. Bb4 Be3 54. c4 Bd4 55. Ba5 Be3 56. Kb7 Kd7 57. Kxa6 Kc6 58. b4 Bd4 59. b5+
Kc5 60. b6 Kxc4 61. b7 Kd3 62. b8=Q Kxe4 63. Qb1+ Kd5 64. Qb7+ Kc4 65. Qb5# 1-0